<?xml version="1.0" encoding="UTF-8"?>
<marc:record xmlns:marc="http://www.loc.gov/MARC21/slim">
   <marc:leader>00000nam a2200000 a 4500</marc:leader>
   <marc:datafield ind1="1" ind2=" " tag="100">
      <marc:subfield code="a">Dahlke, Rüdiger</marc:subfield>
      <marc:subfield code="4">aut</marc:subfield>
      <marc:subfield code="e">Verfasser/-in</marc:subfield>
   </marc:datafield>
   <marc:datafield ind1=" " ind2=" " tag="653">
      <marc:subfield code="a">Gesunde Ernährung</marc:subfield>
   </marc:datafield>
   <marc:datafield ind1=" " ind2=" " tag="653">
      <marc:subfield code="a">Individualisierung</marc:subfield>
   </marc:datafield>
   <marc:datafield ind1=" " ind2=" " tag="653">
      <marc:subfield code="a">Körpergewicht</marc:subfield>
   </marc:datafield>
   <marc:datafield ind1=" " ind2=" " tag="653">
      <marc:subfield code="a">Seelisches Gleichgewicht</marc:subfield>
   </marc:datafield>
   <marc:datafield ind1="0" ind2="0" tag="245">
      <marc:subfield code="a">Mein Individual-Gewicht</marc:subfield>
   </marc:datafield>
   <marc:datafield ind1="0" ind2="0" tag="245">
      <marc:subfield code="b">zur Wohlfühlfigur finden - ohne Hungern, Frustessen und falschen Verzicht</marc:subfield>
   </marc:datafield>
   <marc:datafield ind1=" " ind2="1" tag="264">
      <marc:subfield code="b">Arkana</marc:subfield>
      <marc:subfield code="c">2020</marc:subfield>
   </marc:datafield>
   <marc:datafield ind1="1" ind2=" " tag="520">
      <marc:subfield code="a">Klappentext: Welchen Körper braucht unsere Seele, damit wir wirklich glücklich und mit uns im Reinen sind? Wirklich den, der in eine bestimmte Kleidergröße passt? Und was, wenn wir zu wenig Kilos auf die Waage bringen? Um genau dieses individuelle Figur-Optimum geht es Fastenguru und Peace-Food-Pionier Ruediger Dahlke mit seinem innovativen ganzheitlichen Ernährungskonzept vom Individualgewicht. Er zeigt, welche ungesunden (Ess-)Muster sich hinter Gewichtsproblemen, Belohnungs- oder Kummerspeck verbergen und welche Lebensthemen und Lernaufgaben auf uns warten. Indem wir im Einklang mit unserer Seele essen, söhnen wir uns mit unserem Gewicht aus und legen den Grundstein für ein neues und erfülltes Leben. Mit 60 Rezepten, Meditationen zum Audio-Download und 4-Wochen-Ernährungsprogramm für das ganz persönliche Individualgewicht.  Biografie Seit 1979 Arzt und Seminarleiter, Zusatzausbildung zum Arzt für Naturheilweisen und Studium der Homöopathie. Der Öffentlichkeit wurde er vor allem als Autor von Büchern zur ganzheitlichen Psychosomatik (von äKrankheit als Wegô bis "Krankheit als Symbol") und zur veganen Ernährung bekannt (von äPeace-Foodô bis äGeheimnis der Lebensenergieô), aber auch mit seinen Bestsellern zum spirituellen Weltbild (von äDie Schicksalsgesetze - Spielregeln fürs Leben" über äDas Schattenprinzipô bis zu "Die Lebensprinzipien"). 2012 eröffnete er das Fasten- und Seminar-Zentrum TamanGa in der Südsteiermark. Ruediger Dahlkes Bücher erreichen im deutschsprachigen Raum Millionen Menschen und tragen dazu bei, ein wachsendes Bewusstsein für psychosomatische Zusammenhänge und ganzheitliche Medizin zu schaffen. Sie liegen in über 280 Übersetzungen in 28 Sprachen vor. Weitere Infos: Infos: www.dahlke.at - www.taman-ga.at</marc:subfield>
   </marc:datafield>
   <marc:datafield ind1="3" ind2=" " tag="024">
      <marc:subfield code="a">9783442342693</marc:subfield>
   </marc:datafield>
</marc:record>
